Países com a menor porcentagem da população em situação de pobreza - Statistics

Estatísticas Gerais
  • Esse quiz foi jogado 161 vezes
  • A pontuação média é 31 de 40
Estatísticas das Respostas
# PAÍSES (%) POPULAÇÃO % Correto
18 Suécia 0,60
99%
32 Estados Unidos 1,50
96%
13 Noruega 0,30
96%
8 Suíça 0,14
96%
21 Canadá 0,74
94%
40 Espanha 2,50
93%
6 Finlândia 0,10
93%
27 Japão 1,21
93%
17 Alemanha 0,50
92%
15 Dinamarca 0,40
92%
20 Austrália 0,74
91%
7 França 0,11
91%
22 Coréia do Sul 0,74
90%
25 Portugal 0,90
90%
24 Reino Unido 0,86
88%
16 Irlanda 0,40
87%
12 Luxemburgo 0,30
87%
3 Islândia 0,04
85%
23 Áustria 0,80
84%
9 Bélgica 0,20
84%
11 Holanda 0,30
84%
34 Croácia 1,80
80%
36 Letônia 2,00
79%
31 Lituânia 1,40
79%
28 Estônia 1,30
78%
5 Eslovênia 0,10
76%
26 Polônia 1,20
76%
29 Eslováquia 1,30
75%
14 República Tcheca 0,30
74%
35 Hungria 1,80
72%
19 Malta 0,70
70%
2 Emirados Árabes Unidos 0,00
64%
38 Israel 2,47
63%
10 Chipre 0,30
59%
37 Bósnia e Herzegovina 2,01
57%
4 Bielorrússia 0,10
50%
30 Malásia 1,39
38%
33 Maldivas 1,70
36%
39 Líbano 2,50
26%
1 Azerbaijão 0,00
23%
Nenhum quiz correspondente encontrado
Distribuição das Pontuações
Porcentagem de Pessoas com Cada Pontuação
Percentil de Números Respondidos
Sua Pontuação Histórica
Você não jogou esse quiz